| 000 | 00816nam a2200253 a 4500 | ||
|---|---|---|---|
| 999 |
_c2596 _d2596 |
||
| 001 | 7138 | ||
| 003 | BD-DhUAP | ||
| 005 | 20200226122632.0 | ||
| 008 | 100614r20021995enka b 001 0 eng d | ||
| 010 | _a 95212064 | ||
| 020 | _a0714837105 | ||
| 040 |
_aBD-DhUAP _bEng _cBD-DhUAP _dBD-DhUAP |
||
| 082 | 0 | 4 |
_a720.92 WES _223 |
| 100 | 1 | _aWeston, Richard. | |
| 245 | 1 | 0 |
_aAlvar Aalto / _cRichard Weston. |
| 260 |
_aLondon : _bPhaidon Press, _c1995 [reprinted 2002]. |
||
| 300 |
_a240 pages : _billustrations ; _c30 cm. |
||
| 504 | _aIncludes bibliographical references (p. 240) and index. | ||
| 600 | 1 | 0 |
_aAalto, Alvar. _d1898-1976 _xCriticism and interpretation. |
| 650 | 0 |
_aArchitecture _zFinland _xHistory _y20th century. |
|
| 942 |
_2ddc _cBK |
||